A million worlds with you. #3 / Claudia Gray.
Available copies
- 2 of 2 copies available at LARL/NWRL Consortium.
Current holds
0 current holds with 2 total copies.
Show Only Available Copies
| Location | Call Number / Copy Notes | Barcode | Shelving Location | Status | Due Date |
|---|---|---|---|---|---|
| Crookston Public Library | Y GRA (Text) | 33500012645503 | Main | Available | - |
| Moorhead Public Library | Y GRA (Text) | 33500012645511 | Main | Available | - |
Record details
- ISBN: 9780062279026
- ISBN: 0062279025
- ISBN: 9780062562548
- ISBN: 0062562541
- ISBN: 9780062573643
- ISBN: 0062573640
- Physical Description: 419 pages ; 21 cm.
- Edition: First edition.
- Publisher: New York : HarperTeen, [2016]
- Copyright: ©2016
Content descriptions
| Summary, etc.: | The fate of the multiverse rests in Marguerite's ... Read More |
Search for related items by subject
Search for related items by series
| LDR | 04084cam a2200853 i 4500 | ||
|---|---|---|---|
| 001 | 278115 | ||
| 003 | LARL_NWRL_CONSORTIUM | ||
| 005 | 20180221164737.0 | ||
| 008 | 160511s2016 nyu d 000 1 eng d | ||
| 010 | . | ‡a 2016941453 | |
| 040 | . | ‡aYDXCP ‡beng ‡erda ‡cDLC ‡dYDXCP ‡dBTCTA ‡dAUMEN ‡dTOH ‡dATXAS ‡dAUTEN ‡dUPZ ‡dBDX ‡dOJ4 ‡dOCLCF ‡dVP@ ‡dGIP ‡dIGA ‡dTXLAP ‡dTXLYT ‡dTXMAL ‡dFSIMP ‡dWVF ‡dAL5CW ‡dOCLCO ‡dOCLCQ ‡dCHILD ‡dWHWPL ‡dOCLCA ‡dOCLCQ ‡dOCLCO | |
| 019 | . | ‡a943689572 ‡a1003715592 | |
| 020 | . | ‡a9780062279026 ‡q(hardcover) | |
| 020 | . | ‡a0062279025 ‡q(hardcover) | |
| 020 | . | ‡a9780062562548 ‡q(paperback) | |
| 020 | . | ‡a0062562541 ‡q(hardcover) | |
| 020 | . | ‡a9780062573643 | |
| 020 | . | ‡a0062573640 | |
| 035 | . | ‡a(OCoLC)939703941 ‡z(OCoLC)943689572 ‡z(OCoLC)1003715592 | |
| 042 | . | ‡alccopycat | |
| 082 | 0 | 4. | ‡a813.6 ‡223 |
| 100 | 1 | . | ‡aGray, Claudia, ‡eauthor. ‡0(LARL_NWRL_CONSORTIUM)198181 |
| 245 | 1 | 2. | ‡aA million worlds with you. ‡n#3 / ‡cClaudia Gray. |
| 250 | . | ‡aFirst edition. | |
| 264 | 1. | ‡aNew York : ‡bHarperTeen, ‡c[2016] | |
| 264 | 4. | ‡c©2016 | |
| 300 | . | ‡a419 pages ; ‡c21 cm. | |
| 336 | . | ‡atext ‡btxt ‡2rdacontent | |
| 337 | . | ‡aunmediated ‡bn ‡2rdamedia | |
| 338 | . | ‡avolume ‡bnc ‡2rdacarrier | |
| 490 | 0 | . | ‡aFirebird ; ‡v3 |
| 520 | . | ‡aThe fate of the multiverse rests in Marguerite's hands in the final installment of the Firebird trilogy by New York Times bestselling author Claudia Gray. Ever since she used the Firebird, her parent's invention, to cross through alternate dimensions, Marguerite has been at the center of a cross-dimensional feud. Now she has learned that the evil Triad Corporation plans to destroy hundreds of universes, using their ultimate weapon: another dimension's Marguerite who is wicked, psychologically twisted, and always one step ahead. Even though her boyfriend Paul has always been at Marguerite's side, the Triad's last attack has left him a changed man, and he may never be the same again. Marguerite alone must stop Triad and prevent the destruction of the multiverse. It's a battle of the Marguerites ... and only one can win. In the epic conclusion to the sweeping series that kicked off with A Thousand Pieces of You, fate and family will be questioned, loves will be won and lost, and the multiverse will be forever changed. | |
| 650 | 0. | ‡aSpace and time ‡vJuvenile fiction. ‡0(LARL_NWRL_CONSORTIUM)174906 | |
| 650 | 0. | ‡aGood and evil ‡vJuvenile fiction. ‡0(LARL_NWRL_CONSORTIUM)165510 | |
| 650 | 0. | ‡aRomance fiction. ‡0(LARL_NWRL_CONSORTIUM)29934 | |
| 650 | 1. | ‡aSpace and time ‡vFiction. ‡0(LARL_NWRL_CONSORTIUM)167514 | |
| 650 | 1. | ‡aGood and evil ‡vFiction. ‡0(LARL_NWRL_CONSORTIUM)165509 | |
| 650 | 1. | ‡aRomance fiction. ‡0(LARL_NWRL_CONSORTIUM)29934 | |
| 650 | 1. | ‡aYoung adult fiction. ‡0(LARL_NWRL_CONSORTIUM)35107 | |
| 650 | 1. | ‡aScience fiction. ‡0(LARL_NWRL_CONSORTIUM)178126 | |
| 650 | 7. | ‡aScience fiction. ‡2bisacsh ‡0(LARL_NWRL_CONSORTIUM)178126 | |
| 650 | 7. | ‡aYOUNG ADULT FICTION ‡xLaw & Crime. ‡2bisacsh | |
| 650 | 7. | ‡aYOUNG ADULT FICTION ‡xRomance. ‡2bisacsh | |
| 650 | 7. | ‡aYOUNG ADULT FICTION ‡xScience Fiction. ‡2bisacsh | |
| 650 | 7. | ‡aGood and evil. ‡2fast ‡0(LARL_NWRL_CONSORTIUM)178318 | |
| 650 | 7. | ‡aRomance fiction. ‡2fast ‡0(LARL_NWRL_CONSORTIUM)29934 | |
| 650 | 7. | ‡aSpace and time. ‡2fast ‡0(LARL_NWRL_CONSORTIUM)31609 | |
| 650 | 7. | ‡aSpace and time ‡vFiction. ‡2sears ‡0(LARL_NWRL_CONSORTIUM)167514 | |
| 650 | 7. | ‡aGood and evil ‡vFiction. ‡2sears ‡0(LARL_NWRL_CONSORTIUM)165509 | |
| 655 | 0. | ‡aYoung adult fiction. | |
| 655 | 4. | ‡aFiction. | |
| 655 | 4. | ‡aJuvenile works. | |
| 655 | 4. | ‡aScience fiction. | |
| 655 | 4. | ‡aYoung adult works. | |
| 655 | 4. | ‡aAdventure stories. | |
| 655 | 7. | ‡aRomance fiction. ‡2fast | |
| 655 | 7. | ‡aFiction. ‡2fast | |
| 655 | 7. | ‡aJuvenile works. ‡2fast | |
| 655 | 7. | ‡aScience fiction. ‡2fast | |
| 655 | 7. | ‡aYoung adult works. ‡2fast | |
| 655 | 7. | ‡aScience fiction. ‡2gsafd | |
| 655 | 7. | ‡aScience fiction. ‡2lcgft | |
| 655 | 7. | ‡aRomance fiction. ‡2lcgft | |
| 905 | . | ‡uvanderl | |
| 901 | . | ‡a278115 ‡b ‡c278115 ‡tbiblio ‡soclc | |

Add to basket
Permalink
Enable Highlighting